01484 a2200217 4500003000500000005001700005020001500022040000900037082001700046100002800063245004300091260004200134300003700176505069500213600002800908650002500936942001200961999001900973952013000992952014401122Nust20230206105648.0 a0195774620 cNust a954.9042,WOL aWolpert, Stanley960518 aJinnah of Pakistan /cStanley Wolpert, aOxford University PressbLahorec1998 axii, 421 pbillusc19 cmedigars aKarachi (Page-3), Bombay (1896-1910) (Page-16), Calcutta (1910-15) (Page-32), Lucknow to Bombay (1916-18) (Page-42), Amritsar to Nagpur (1919-21) (Page-61), Retreat to Bombay (1921-24) (Page-73), New Delhi (1924-28) (Page-80), Calcutta (1928) (Page-92), London (1930-33) (Page-119), Toward Lahore (1938-40) (Page-155), Lahore to Delhi (1940-43) (Page-184), Karachi and Bombay Revisited (1943-44) (Page-221), Simla (1944-45) (Page-237), Quetta and Peshawar (1945-46), (Page-247), Simla Revisted (1946) (Page-261), Bombay to Londo,n (1946) (Page-280), London Final Farewell (1946) (Page-297), New Delhi (1947) (Page-306), Karachi Pakistan Zindabad (1947) (Page-332) Ziarat (1948) (Page-355).  aWolpert, Stanley960518 aQuaid-i-Azam9108479 2ddccBK c187495d187495 00102ddc4070aMCSbMCScGENd2016-12-12j5o954.9042,WOLpMCS27029r2016-12-08w2016-12-12yBKzAlmirah No.62, Shelf No.1 00102ddc4070aMCSbMCScGENd2023-02-06j5l2o954.9042,WOLpMCS32878r2024-12-02s2024-11-15w2023-02-06yBKzAlmirah No.62, Shelf No.1